|
|
|
|
| LEADER |
00000nam0a2200000 4500 |
| 001 |
18981 |
| 005 |
20231030191506.0 |
| 010 |
|
|
|a 5289005609
|
| 035 |
|
|
|a (RuTPU)RU\TPU\book\19137
|
| 035 |
|
|
|a BOOK00019206
|
| 090 |
|
|
|a 18981
|
| 100 |
|
|
|a 20011209d1990 km y0rusy50 ca
|
| 101 |
0 |
|
|a rus
|
| 102 |
|
|
|a RU
|
| 105 |
|
|
|a a z 000zy
|
| 200 |
1 |
|
|a А что было до потопа?
|e Исторические корни древнейших мифов человечества
|f И. Н. Хлопин
|
| 210 |
|
|
|a Ленинград
|c Лениздат
|d 1990
|
| 215 |
|
|
|a 155 с.
|c ил.
|
| 225 |
1 |
|
|a Разум познает мир
|
| 610 |
1 |
|
|a религия
|
| 610 |
1 |
|
|a христианство
|
| 610 |
1 |
|
|a происхождение
|
| 610 |
1 |
|
|a история
|
| 610 |
1 |
|
|a мифы
|
| 686 |
|
|
|a Э37-3
|v LBC/SL-A
|2 rubbk
|
| 700 |
|
1 |
|a Хлопин
|b И. Н.
|g Игорь Николаевич
|
| 801 |
|
0 |
|a RU
|b 63413507
|c 20011209
|g PSBO
|
| 801 |
|
2 |
|a RU
|b 63413507
|c 20120423
|g PSBO
|
| 942 |
|
|
|c BK
|